000 00319nam a22001337a 4500
008 170315b xxu||||| |||| 00| 0 eng d
020 _a9780072831184
041 _aeng
080 _a591
100 _a7
101 _aSHM
245 _aENGLISH/SPANISH GLOSSARY FOR ANATOMY AND PHYSIOLOGY
_cDAWSON, M.B
942 _2udc
_cBK
999 _c7855
_d7855